| 000 | 00785cam a22002533a 4500 | ||
|---|---|---|---|
| 001 | 30710 | ||
| 003 | PGUSA | ||
| 005 | 20140828083650.0 | ||
| 008 | 091219s2009||||xxu|||||s|||||000 | eng d | ||
| 040 |
_aPGUSA _beng |
||
| 042 | _adc | ||
| 050 | 4 | _aDA | |
| 100 | 1 |
_aCramb, J. A. _q(John Adam), _d1862-1913 |
|
| 245 | 1 | 4 |
_aThe Origins and Destiny of Imperial Britain : _bNineteenth Century Europe _h[electronic resource] / _cJ. A. Cramb |
| 260 |
_bProject Gutenberg, _c2009 |
||
| 506 | _aPublic domain in the USA. | ||
| 516 | _aElectronic text | ||
| 653 | _aGreat Britain -- Colonies -- Administration -- History -- 19th century | ||
| 653 | _aImperialism | ||
| 653 | _aWar | ||
| 830 | 0 |
_aProject Gutenberg _v30710 |
|
| 856 | 4 | 0 | _uhttp://www.gutenberg.org/ebooks/30710 |
| 942 | _cEB | ||
| 999 |
_c259965 _d259965 |
||